| 000 | 02063nam0a2200445 4500 | ||
|---|---|---|---|
| 001 | RU\NLR\BIBL_A\016319615 | ||
| 005 | 20230511121727.0 | ||
| 010 |
_a978-5-09-102536-1 _920000 |
||
| 021 |
_aRU _bКН-П-23-007158 _9КН-П-23-0688 |
||
| 035 | _a(NLR Aleph) 016319615 | ||
| 035 | _a(RuMoRGB)011578282 | ||
| 090 |
_a13027583 _c13027583 |
||
| 100 | _a20230322d2023 u y0rusy50 ca | ||
| 101 | 0 | _arus | |
| 102 | _aRU | ||
| 105 | _a j 001zy | ||
| 181 | 0 |
_ai _baxxe |
|
| 182 | 0 | _an | |
| 200 | 1 |
_aАлгебра _e8 класс _eбазовый уровень _eучебник _fЮ. Н. Макарычев, Н. Г. Миндюк, К. И. Нешков, С. Б. Суворова _gпод редакцией С. А. Теляковского |
|
| 203 |
_aТекст _bвизуальный _cнепосредственный |
||
| 205 | _a16-е изд., перераб. | ||
| 210 |
_aМосква _cПросвещение _d2023 [т. е. 2022] |
||
| 215 |
_a319 с. _cил., портр., цв. ил., табл. _d22 |
||
| 225 | 1 | _aФГОС | |
| 300 | _aАвт. указаны на обороте тит. с. | ||
| 300 | _aКн. фактически изд. в 2022 г. | ||
| 313 | _a12-е изд. 2019 г. | ||
| 320 | _aБиблиогр.: с. 302 | ||
| 320 | _aПредм. указ.: с. 303 | ||
| 606 | 1 |
_aАлгебра _jУчебники для средней школы _2nlr_sh2 _3RU\NLR\AUTH\6619328 |
|
| 686 | 1 | _aВ151я721-1 | |
| 701 | 1 |
_aМакарычев _bЮ.Н. _cпедагог _gЮрий Николаевич _3RU\NLR\AUTH\77654 |
|
| 701 | 1 |
_aМиндюк _bН. Г. _gНора Григорьевна |
|
| 701 | 1 |
_aНешков _bК. И. _gКонстантин Иванович _3RU\NLR\AUTH\7793682 |
|
| 701 | 1 |
_aСуворова _bС.Б. _cматематик _gСветлана Борисовна _3RU\NLR\AUTH\7726293 |
|
| 702 | 1 |
_aТеляковский _bС. А. _f1932- _gСергей Александрович _3RU\NLR\AUTH\77653 _4340 |
|
| 942 | _cBOOK | ||
| 980 | _aNB | ||